000 00340nam a2200133Ia 4500
008 100328s9999 xx 000 0 und d
082 _b54171
100 _a---
245 _aऊस,गूळ,साखर
260 _bउदयम
630 _aऊस,गूळ,साखर
730 _aऊस,गूळ,साखर
942 _cBOOK
999 _c540894
_d540891